[Event "Fall Chess Classic 2017-A"]
[Site "Saint Louis"]
[Date "2017.09.06"]
[Round "1"]
[White "Meier, Georg"]
[Black "Ju, Wenjun"]
[Result "1/2-1/2"]
[WhiteElo "2651"]
[BlackElo "2574"]
[Annotator "TA"]
[PlyCount "63"]
[EventDate "2017.??.??"]
[EventType "tourn"]
[EventCountry "USA"]
[SourceTitle "playchess.com"]
[Source "ChessBase"]
[SourceQuality "1"]

{[%evp 17,63,9,16,0,6,0,39,44,64,66,64,56,60,42,44,33,33,53,45,34,45,30,38,29,29,29,35,35,35,35,35,35,35,35,35,35,35,8,8,8,8,0,9,0,8,0,7,0]} 1. d4 Nf6 2. c4 e6 3. Nf3 d5 4. g3 Bb4+ 5. Bd2 Bd6 (5... Be7 6. Bg2 O-O 7. O-O Nbd7 8. Bf4 c6 9. Nc3 b6 10. cxd5 exd5 11. Rc1 Bb7 12. Qc2 Re8 13. Rfd1 Nf8 14. e4 dxe4 15. Ne5 Nd5 16. Nxe4 Ne6 17. Be3 Rc8 18. Qb3 Bf8 19. Nc3 Nxe3 20. fxe3 Rc7 21. Kh1 {1-0 (54) Dominguez Perez,L (2739)-Caruana,F (2807) Saint Louis 2017}) 6. Bg2 {E01: Catalan: Early deviations} c6 7. O-O Nbd7 8. Qb3 O-O 9. Nc3 h6 {LiveBook: 4 Games} 10. Rad1 Rb8 $146 ({Predecessor:} 10... Qe7 11. Rfe1 dxc4 12. Qxc4 e5 {½-½ (58) Tkachiev,V (2625)-Sokolov,I (2650) Dubai 2014}) 11. a3 Re8 12. Rfe1 Ne4 13. Nxe4 dxe4 14. Ne5 $1 Nxe5 15. dxe5 Bxe5 {[#]} 16. Bxh6 $1 {[%mdl 512]} Qb6 (16... gxh6 17. Rxd8) 17. Qxb6 axb6 18. Bc1 f5 19. f3 exf3 20. exf3 Bc7 21. f4 Kf7 22. b3 e5 23. fxe5 Rxe5 24. Rxe5 Bxe5 25. Be3 Bc7 26. Kf2 Be6 27. a4 Rh8 {The position is equal.} 28. h3 Rh5 29. Rh1 Rh8 30. Rd1 Rh5 31. Rh1 Rh8 32. Rd1 {Precision: White = 53%, Black = 76%.} 1/2-1/2

[Event "Fall Chess Classic 2017-A"]
[Site "Saint Louis"]
[Date "2017.09.07"]
[Round "1"]
[White "Shimanov, Aleksandr"]
[Black "Petrosian, Tigran L"]
[Result "1-0"]
[WhiteElo "2646"]
[BlackElo "2615"]
[Annotator "TA"]
[PlyCount "153"]
[EventDate "2017.??.??"]
[EventType "tourn"]
[EventCountry "USA"]
[SourceTitle "playchess.com"]
[Source "ChessBase"]
[SourceQuality "1"]

{[%evp 14,153,43,19,43,46,36,35,34,37,79,51,106,106,108,104,106,106,120,104,199,127,129,118,97,126,127,111,186,116,124,122,269,251,254,243,247,250,319,311,289,279,235,229,198,53,58,36,760,222,214,199,333,354,358,351,333,340,348,354,336,319,333,341,301,287,483,475,468,456,395,299,299,299,290,297,297,295,297,297,290,287,280,280,292,291,295,289,291,288,280,233,232,233,233,233,233,233,225,224,250,263,242,225,280,280,333,316,309,281,357,181,357,357,456,456,456,414,350,243,373,387,599,577,1585,1356,1304,1321,29973,29974,29974,29976,29976,29977,29977,29978,29977,29978,29977,29980,29992,29993]} 1. d4 Nf6 2. Nf3 e6 3. c4 Bb4+ 4. Nc3 O-O 5. Bg5 d5 6. e3 h6 7. Bh4 {D38: Queen's Gambit Declined: Ragozin Defence (4 Nf3 Bb4)} (7. Bxf6 Qxf6 8. Rc1 Rd8 9. Qb3 Nc6 10. cxd5 exd5 11. Bb5 Qg6 12. O-O Bxc3 13. Qxc3 Bh3 14. Ne1 Rd6 15. Qb3 Re8 16. Bd3 {½-½ (73) Li,C (2758)-Wan,Y (2481) Wuxi 2016}) 7... c5 8. cxd5 {LiveBook: 11 Games} g5 9. Bg3 {White is slightly better.} Nxd5 10. Rc1 f5 11. Bc4 $146 ({Find the theoretical novelty and annotate with similar games:} 11. Bxb8 Rxb8 12. Ne5 cxd4 13. exd4 Nxc3 14. bxc3 Bd6 {1-0 (28) Traczewski,W (1731)-Marculescu,G (1721) LSS email 2008}) 11... Nc6 12. O-O {Strongly threatening Bxd5.} cxd4 (12... Nb6 $1 $14 13. Bd3 cxd4 14. Nxd4 Nxd4) 13. Nxd5 $16 exd5 14. Bb3 dxe3 {And now ...f4 would win.} 15. Bxd5+ Kh7 16. fxe3 Ba5 (16... Bd7 $16) 17. Kh1 (17. Bd6 $1 $18 {[%cal Rd6f8]} Rf6 18. Bc5) 17... Bb6 18. Bd6 $1 {[%cal Rd6f8]} Re8 (18... Qxd6 $2 19. Bg8+ $1 {[%mdl 512]} Rxg8 20. Qxd6 $18) 19. e4 Qf6 20. b4 $36 {[%cal Bb2b4,Bb4b5][%mdl 2080] Keeping Black busy.} Be6 {[#]} (20... f4 $16) 21. e5 ({White should play} 21. Bxe6 $1 $18 Rxe6 22. e5) 21... Qg6 22. Bxe6 Rxe6 (22... Qxe6 $16 23. b5 Ne7) 23. b5 $18 Nd8 24. Nd4 Bxd4 25. Qxd4 Nf7 {[%cal Rf7d6]} 26. Qd5 Rg8 27. Qxb7 Rg7 28. Rc7 Nxe5 29. Bxe5 (29. Bc5 $18) 29... Rxe5 $14 30. Rfc1 {aiming for Qxa7.} (30. Qxa7 $5 Rxb5 31. a4 $14) 30... g4 $2 {[%mdl 8192]} (30... Qf6 $14) 31. g3 $2 (31. Qxa7 Qg5 32. Rxg7+ Qxg7 33. Qxg7+ Kxg7 34. Rb1) 31... Rxc7 $18 32. Rxc7+ {[%mdl 4096] Endgame KQR-KQR} Kh8 (32... Kg8 $142) 33. Qxa7 f4 34. Rc8+ Re8 {( -> ...Qe4+)} 35. Qd4+ Kg8 36. Qd5+ Kf8 {White must now prevent ...Qb1+.} 37. Rxe8+ (37. Qc5+ Kg8) 37... Qxe8 {KQ-KQ} 38. Qf5+ ({Don't play} 38. gxf4 h5 $18) 38... Kg7 {Hoping for ...Qe1+.} 39. Qxg4+ Kh8 $2 (39... Kh7 40. a4 (40. gxf4 Qxb5 41. Kg2 Qb2+ 42. Kg3 Qa3+ 43. Qf3 Qxa2 $16) 40... Qa8+ 41. Kg1 Qxa4 42. Qf5+ (42. Qxf4 Qxb5 43. Qf7+ Kh8 $16) 42... Kg7 43. Qe5+ (43. gxf4 Qd1+ 44. Kf2 Qd2+ 45. Kf3 Qd1+ 46. Kg3 Qe1+ 47. Kg2 Qd2+ 48. Kf3 Qd1+ 49. Kg3 Qg1+ 50. Kf3 Qf1+ 51. Kg4 Qg2+ 52. Kh5 Qxh2+ 53. Kg4 Qg2+ 54. Kh4 Qf2+ 55. Kh5 Qh2+ 56. Kg4 Qg2+ 57. Kh5 Qh1+ 58. Kg4 Qg2+ $11) 43... Kg6 44. Qd6+ Kg7) 40. Qxf4 Qe1+ 41. Kg2 Qe2+ 42. Qf2 Qxb5 43. Qd4+ Kg8 44. Qg4+ Kh8 45. Qc8+ Kh7 46. Qc2+ Kg7 47. a4 Qd5+ 48. Kf2 Qe5 49. Kf3 Kh8 50. Qe4 Qh5+ 51. Kg2 Qc5 52. Qg6 Qd5+ 53. Kh3 Qd7+ 54. Qg4 Qd5 55. Qc8+ Kh7 56. Qc2+ Kg7 57. Kg4 Qd4+ 58. Kf3 Qe5 59. Qe4 Qc3+ 60. Kg4 Qd2 61. Qe5+ Kg6 62. Qf5+ Kg7 63. Kh3 Kh8 64. a5 Qe2 65. Qf6+ Kh7 66. Qf7+ Kh8 67. Qg6 Qf1+ {[#]} (67... h5 {keeps fighting.} 68. a6 Qf1+ 69. Kh4 Qf4+ 70. Kxh5 Qh4+ 71. Kxh4) 68. Kh4 $1 Qc4+ 69. g4 Qf4 70. h3 Qf2+ 71. Kh5 {White mates.} Qf7 72. a6 Qd5+ 73. Qf5 Qf7+ 74. Kxh6 Qe6+ 75. Kg5 Qe3+ 76. Qf4 Qc5+ 77. Kg6 {Precision: White = 85%, Black = 53%.} 1-0

[Event "Fall Chess Classic 2017-A"]
[Site "Saint Louis"]
[Date "2017.09.06"]
[Round "1"]
[White "Swiercz, Dariusz"]
[Black "Naroditsky, Daniel"]
[Result "1-0"]
[WhiteElo "2638"]
[BlackElo "2626"]
[Annotator "TA"]
[PlyCount "107"]
[EventDate "2017.??.??"]
[EventType "tourn"]
[EventCountry "USA"]
[SourceTitle "playchess.com"]
[Source "ChessBase"]
[SourceQuality "1"]

{[%evp 22,107,20,19,34,27,31,27,17,27,20,26,29,20,20,20,15,17,20,12,15,-4,0,-5,14,26,14,18,26,38,37,31,75,61,116,41,102,102,136,132,196,187,217,212,250,264,248,248,233,235,296,372,360,367,349,366,362,359,327,262,230,239,333,336,1406,1335,1472,1418,1410,1324,1020,844,2663,1704,5631,6648,12830,12831,12839,12839,12839,12839,12841,12841,12842,12839,12839,12839]} 1. d4 Nf6 2. c4 e6 3. Nf3 d5 4. Nc3 Bb4 5. Bg5 h6 6. Bxf6 Qxf6 7. Qa4+ Nc6 8. e3 O-O {D38: Queen's Gambit Declined: Ragozin Defence (4 Nf3 Bb4)} 9. Rc1 (9. Be2 dxc4 10. O-O Bxc3 11. bxc3 Bd7 12. Qxc4 Rac8 13. Rad1 Rfd8 14. Nd2 Na5 15. Qb4 b6 16. Ba6 {1-0 (32) Aronian,L (2809)-So,W (2810) Saint Louis 2017}) 9... Qg6 10. Qc2 Qxc2 11. Rxc2 dxc4 12. Bxc4 {LiveBook: 4 Games} Na5 13. Be2 c5 14. a3 Bxc3+ $1 15. Rxc3 cxd4 16. Nxd4 {[#]} Bd7 $146 17. Rc7 Rfd8 18. b4 Nc6 $1 19. Nb3 b6 20. Ba6 {And now Bb7 would win.} Ne7 21. Bb7 Rab8 22. O-O $36 {[%mdl 2048] White has some pressure.} Ba4 23. Rxe7 {Threatens to win with Nd4.} Bxb3 24. Ba6 b5 25. Rxa7 Rd2 26. Ra1 Ba4 27. h3 Rbd8 (27... Rc2 $14) 28. Bb7 (28. Rc1 $16) 28... R8d7 ({Better is} 28... R2d7 $14) 29. Ra8+ Kh7 30. Bc6 R7d6 (30... Rc7 $16 31. Rc1 Rd5) 31. Be8 $18 f5 32. Rc1 Rd1+ 33. Rxd1 Rxd1+ {[%mdl 4096] Endgame KRB-KRB} 34. Kh2 Rd2 35. Kg3 e5 36. Ra6 {Intending Bg6+ and mate.} f4+ 37. exf4 exf4+ 38. Kxf4 {Bg6+ would kill now.} Rxf2+ 39. Kg3 Rf8 40. Bg6+ Kg8 41. Re6 Bb3 {[#]} 42. Re5 $1 Rb8 $2 (42... Ba4 43. Be8 Rf1 44. Bxb5 Ra1 45. Bc4+ (45. Bxa4 Rxa3+ 46. Kf4 Rxa4 $16) 45... Kf8) 43. Re8+ {White is clearly winning.} Rxe8 44. Bxe8 {KB-KB} Bc4 45. Kf4 Kf8 46. Bc6 g5+ 47. Ke5 Ke7 48. g3 {[%cal Bg2g3,Bg3h4][%mdl 32]} Bf1 49. h4 gxh4 50. gxh4 Bc4 51. Be4 Kd7 52. Kd4 Kd6 {[#]} 53. a4 $1 {[%cal Ba3a4,Ba4b5][%mdl 544]} Be6 (53... bxa4 54. Kxc4) 54. axb5 {Precision: White = 83%, Black = 31%.} 1-0

[Event "Fall Chess Classic 2017-A"]
[Site "Saint Louis"]
[Date "2017.09.06"]
[Round "1"]
[White "Zherebukh, Yaroslav"]
[Black "Kovalev, Vladislav"]
[Result "1/2-1/2"]
[WhiteElo "2621"]
[BlackElo "2640"]
[Annotator "TA"]
[PlyCount "61"]
[EventDate "2017.??.??"]
[EventType "tourn"]
[EventCountry "USA"]
[SourceTitle "playchess.com"]
[Source "ChessBase"]
[SourceQuality "1"]

{[%evp 25,61,19,19,18,18,14,21,20,19,16,21,12,23,11,10,7,52,40,81,77,95,108,108,104,105,111,102,109,97,104,150,148,142,14,16,0,13,8]} 1. e4 e5 2. Nf3 Nc6 3. Bb5 Nf6 4. O-O Nxe4 5. Re1 Nd6 6. Nxe5 Be7 7. Bf1 Nxe5 8. Rxe5 O-O 9. Nc3 {[%cal Bb1c3,Bc3d5,Bd5e3,Be3f5,Bf5e7][%mdl 32] C67: Ruy Lopez: Berlin Defence: 4 0-0 Nxe4} Ne8 10. Nd5 Bd6 11. Re1 c6 12. Ne3 Bc7 13. Nf5 d5 {LiveBook: 82 Games} 14. Ne7+ Kh8 {White must now prevent ...Be6.} 15. Nxc8 Qxc8 (15... Rxc8 16. d3 f5 {½-½ (36) Anand,V (2783)-Karjakin,S (2773) Saint Louis 2017}) 16. d4 Qd7 {[#]} 17. Bd3 $146 Nd6 18. Bf4 (18. Qh5 $5 {[%cal Rh5h7]} f5 19. c3 $11) 18... Rae8 19. Qf3 f5 20. Rxe8 Qxe8 21. Be5 $40 {[%mdl 128] Black needs to defend precisely.} Bb8 22. Qf4 Ne4 23. Bxb8 $1 Qxb8 24. Qxb8 Rxb8 $16 {[%mdl 4096] Endgame KRB-KRN} 25. f3 $1 {[%cal Rf3e4]} Nd6 26. Re1 Kg8 {[#]} 27. Re7 $1 Rf8 28. Rd7 Rf6 {[#]} 29. Rd8+ (29. b3 $1 $16) 29... Kf7 $11 30. Rd7+ Kf8 31. Kf2 {Precision: White = 75%, Black = 55%.} 1/2-1/2

[Event "Fall Chess Classic 2017-A"]
[Site "Saint Louis"]
[Date "2017.09.06"]
[Round "1"]
[White "Liang, Awonder"]
[Black "Li, Ruifeng"]
[Result "1/2-1/2"]
[WhiteElo "2545"]
[BlackElo "2548"]
[Annotator "TA"]
[PlyCount "49"]
[EventDate "2017.??.??"]
[EventType "tourn"]
[EventCountry "USA"]
[SourceTitle "playchess.com"]
[Source "ChessBase"]
[SourceQuality "1"]

{[%evp 19,49,11,9,14,16,10,20,18,14,10,13,0,0,0,0,0,0,0,0,0,0,0,0,0,0,0,0,0,0,0,0,0]} 1. e4 c5 2. Nf3 d6 3. Bb5+ Nd7 4. O-O a6 5. Bd3 Ngf6 6. Re1 {B51: Sicilian: Moscow Variation (3 Bb5+) without 3...Bd7} e6 (6... b5 7. c4 g5 8. Nxg5 Ne5 9. Bf1 bxc4 10. Na3 Rg8 11. d4 cxd4 12. f4 Bg4 13. Qxd4 {1-0 (38) Liang,A (2536)-Li,R (2568) Saint Louis 2017}) 7. c3 b5 8. a4 Bb7 9. Bc2 c4 10. d4 cxd3 {LiveBook: 7 Games. The position is equal.} 11. Qxd3 Nc5 12. Qe2 bxa4 13. e5 $146 dxe5 14. Nxe5 Be7 15. Rd1 Qb6 16. Rxa4 Nxa4 17. Bxa4+ Kf8 18. Rd7 $1 Qa5 19. Rxb7 Qxa4 20. c4 Qa1 21. Qc2 Qa5 {[%cal Ra5e1] [#]} 22. Qe2 Qa1 23. Qc2 Qa5 {[%cal Ra5e1]} 24. Qe2 Qa1 25. Qc2 {Precision: White = 96%, Black = 100%.} 1/2-1/2

[Event "Fall Chess Classic 2017-A"]
[Site "Saint Louis"]
[Date "2017.09.07"]
[Round "2"]
[White "Meier, Georg"]
[Black "Liang, Awonder"]
[Result "1/2-1/2"]
[WhiteElo "2651"]
[BlackElo "2545"]
[Annotator "TA"]
[PlyCount "61"]
[EventDate "2017.??.??"]
[EventType "tourn"]
[EventCountry "USA"]
[SourceTitle "playchess.com"]
[Source "ChessBase"]
[SourceQuality "1"]

{[%evp 11,61,0,15,12,7,7,18,0,0,-3,0,0,0,0,0,14,9,12,17,0,0,0,0,0,0,-2,0,0,0,0,0,0,0,0,0,0,0,-2,2,0,4,0,0,0,9,0,0,0,2,0,2,2]} 1. Nf3 Nf6 2. c4 c5 3. Nc3 d5 4. cxd5 Nxd5 5. e3 e6 6. Bb5+ {A17: English Opening: 1...Nf6 with ...Bb4} (6. Nxd5 Qxd5 7. b3 Be7 8. Bc4 Qf5 9. Bb2 Nc6 10. O-O O-O 11. d4 Rd8 12. Qe2 cxd4 13. Nxd4 Nxd4 14. Bxd4 {1-0 (60) Rakhmanov,A (2663)-Erdos,V (2628) Linares 2017}) 6... Bd7 {LiveBook: 6 Games. The position is equal.} 7. Bc4 Bc6 $146 ({Find the theoretical novelty and annotate with similar games:} 7... Nb6 8. Be2 Nc6 9. b3 Be7 10. Ba3 O-O 11. O-O Rc8 12. Ne4 Nb4 13. Ne5 Be8 {1-0 (46) Kunin,V (2546)-Beinoras,M (2426) Neustadt an der Weinstrasse 2009}) 8. O-O Be7 9. Ne5 (9. Bxd5 $5 Bxd5 10. b3 $11) 9... O-O 10. d4 cxd4 11. exd4 Nd7 12. Bxd5 Bxd5 13. Nxd5 exd5 14. Qb3 Bf6 15. Rd1 Nxe5 16. dxe5 Bxe5 17. Rxd5 Qf6 18. Rb1 Qg6 19. Qd3 Qxd3 20. Rxd3 Rad8 21. Rxd8 Rxd8 $11 {[%cal Rd8d1][%mdl 4096] [#] Endgame KRB-KRB} 22. Be3 h6 23. Kf1 a6 (23... Bxh2 24. g3 $16) 24. Ke2 Kf8 ({Stronger than} 24... Bxh2 25. g3 $16) 25. h3 Ke7 26. Rc1 Rd7 27. b3 Rc7 28. Kd3 Rxc1 29. Bxc1 Ke6 30. Kc4 Bd6 31. a4 {Precision: White = 85%, Black = 80%.} 1/2-1/2

[Event "Fall Chess Classic 2017-A"]
[Site "Saint Louis"]
[Date "2017.09.07"]
[Round "2"]
[White "Naroditsky, Daniel"]
[Black "Shimanov, Aleksandr"]
[Result "1/2-1/2"]
[WhiteElo "2626"]
[BlackElo "2646"]
[Annotator "TA"]
[PlyCount "61"]
[EventDate "2017.??.??"]
[EventType "tourn"]
[EventCountry "USA"]
[SourceTitle "playchess.com"]
[Source "ChessBase"]
[SourceQuality "1"]

{[%evp 15,61,15,37,12,10,10,16,15,12,3,36,37,33,0,0,0,0,0,0,0,4,0,0,0,0,0,0,0,0,0,0,0,0,0,0,0,0,0,0,0,8,0,0,0,0,0,0,0]} 1. d4 d5 2. c4 e6 3. Nc3 Nf6 4. cxd5 Nxd5 5. e4 Nxc3 6. bxc3 c5 7. Rb1 Be7 {D35: Queen's Gambit Declined: Exchange Variation} 8. Bb5+ (8. Nf3 O-O 9. Bc4 Nc6 10. O-O b6 11. Be3 cxd4 12. cxd4 Bb7 13. Qe2 Rc8 14. Rfd1 Qc7 15. d5 exd5 16. exd5 {0-1 (55) Navara,D (2737)-Dominguez Perez,L (2739) Saint Louis 2017}) 8... Bd7 {LiveBook: 5 Games} 9. Bd3 cxd4 $146 ({Find the theoretical novelty and annotate with similar games:} 9... b6 10. Nf3 Nc6 11. O-O O-O 12. d5 exd5 13. exd5 Na5 14. Ne5 Bf6 15. Bf4 {1-0 (26) Del Rio de Angelis,S (2511)-Martin Duque,J (2386) Linares 2017}) 10. cxd4 Nc6 11. Nf3 {[%cal Bg1f3,Bf3e5,Be5c6][%mdl 32]} Nb4 12. O-O Bc6 13. Bc4 {Bd2 is the strong threat.} b5 ({Not} 13... Bxe4 $2 {[#]} 14. Rxb4 $1 {[%mdl 512]} Bxb4 15. Qa4+ Qd7 16. Qxb4 $16) 14. Ne5 bxc4 {[#]The position is equal.} 15. Rxb4 $1 {[%mdl 512]} Bxe4 (15... Bxb4 16. Nxc6) 16. Qa4+ Kf8 17. Rxc4 Bd5 $132 {[%mdl 2048] Black is not keeping still} (17... f6 $5 {[%cal Rf6e5]} 18. Nd7+ Kf7 $11) 18. Nc6 Qd7 $1 19. Ba3 Bxc4 20. Bxe7+ Ke8 $1 21. Qxc4 Rc8 $1 {[%cal Rc8c6]} 22. Rc1 {Strongly threatening Ba3.} Rxc6 (22... Qxe7 {is interesting.} 23. Nxe7 Rxc4 24. Rxc4 Kxe7 25. Rc7+ Kf6) 23. Qxc6 Qxc6 24. Rxc6 Kxe7 $11 {[%mdl 4096] Endgame KR-KR} 25. Rc7+ Kf6 26. Rxa7 Rb8 {[%cal Rb8b1]} 27. Kf1 Rb4 28. Ke2 Rxd4 29. a4 h5 30. a5 Ra4 31. a6 {Precision: White = 45%, Black = 85%.} 1/2-1/2

[Event "Fall Chess Classic 2017-A"]
[Site "Saint Louis"]
[Date "2017.09.07"]
[Round "2"]
[White "Petrosian, Tigran L"]
[Black "Zherebukh, Yaroslav"]
[Result "0-1"]
[WhiteElo "2615"]
[BlackElo "2621"]
[Annotator "TA"]
[PlyCount "70"]
[EventDate "2017.??.??"]
[EventType "tourn"]
[EventCountry "USA"]
[SourceTitle "playchess.com"]
[Source "ChessBase"]
[SourceQuality "1"]

{[%evp 21,70,17,22,0,0,-11,6,-35,0,0,0,0,0,0,32,11,70,60,83,0,0,-44,-43,-94,-107,-58,-45,-62,-65,-106,-100,-94,-93,-191,-191,-266,-265,-575,-574,-581,-558,-577,-575,-566,-520,-741,-738,-999,-995,-2083,-2019]} 1. Nf3 Nf6 2. g3 g6 3. b3 Bg7 4. Bb2 b6 5. Bg2 Bb7 6. O-O O-O 7. c4 c5 8. d4 cxd4 9. Qxd4 d6 10. Nc3 Nbd7 11. Rfd1 Rc8 {LiveBook: 78 Games} 12. Qh4 {A30: Symmetrical English: Double Fianchetto and Hedgehog} (12. Rac1 a6 13. Qd2 Rc7 14. Ne1 Qa8 15. Bxb7 Qxb7 16. Ng2 b5 17. Ne3 Re8 18. Ncd5 Rc5 19. Bd4 Rcc8 20. Bxf6 Nxf6 21. Nxf6+ Bxf6 22. cxb5 axb5 23. Rxc8 Rxc8 {½-½ (45) Stern,R (2521)-Wojtaszek,R (2746) Germany 2017}) 12... Rc5 13. g4 $146 ({Predecessor:} 13. Ng5 Bxg2 14. Kxg2 h6 15. Nge4 Qa8 16. f3 Nxe4 17. Qxe4 Qxe4 18. fxe4 {0-1 (43) Contin,D (2242)-Saldano Dayer,H (2421) Mina Clavero 2016}) 13... Qa8 14. Na4 {The position is equal.} Rc7 15. g5 Nh5 16. Bxg7 Nxg7 17. Nc3 Nf5 18. Qf4 e5 (18... Rc5 $11) 19. Qg4 $1 $14 h5 20. Qh3 ({White should play} 20. gxh6 $1 $16 Nf6 21. Qg5) 20... Nc5 $1 $11 {[%cal Rc5e6] And now ...Ne6 would win.} 21. Ne1 e4 22. Nd5 (22. Rd5 $15) 22... Bxd5 $1 $17 23. Rxd5 Ne6 $36 {[%mdl 2048] White is under pressure.} 24. Rxf5 gxf5 25. Rd1 Rc5 {[#]} ({Weaker is} 25... Nxg5 26. Qxf5 Rc5 27. Rd5 $14) 26. Nd3 $1 {[%mdl 512]} Ra5 (26... exd3 27. Bxa8) 27. Qxh5 {[#]} (27. Nb4 $17 Qd8 28. Qxh5 Qxg5 29. Qxg5+ Nxg5 30. a4) 27... f4 $1 $19 28. c5 (28. Qh6 $142 f3 29. Nb4 (29. g6 $2 fxg6 30. exf3 exd3 $19) 29... Rxg5 30. Nd5) 28... Qd5 29. Qh6 $2 (29. Nb2 Qxc5 30. Bxe4 Qxg5+ 31. Qxg5+ Nxg5 32. Bb1) 29... f3 {Black is clearly winning.} 30. exf3 {Hoping for g6.} exd3 31. g6 fxg6 32. Qxg6+ Ng7 33. b4 Rxa2 34. f4 Qd4 35. Kh1 Ra1 {Precision: White = 32%, Black = 75%.} 0-1

[Event "Fall Chess Classic 2017-A"]
[Site "Saint Louis"]
[Date "2017.09.07"]
[Round "2"]
[White "Ju, Wenjun"]
[Black "Kovalev, Vladislav"]
[Result "1/2-1/2"]
[WhiteElo "2574"]
[BlackElo "2640"]
[Annotator "TA"]
[PlyCount "62"]
[EventDate "2017.??.??"]
[EventType "tourn"]
[EventCountry "USA"]
[SourceTitle "playchess.com"]
[Source "ChessBase"]
[SourceQuality "1"]

{[%evp 26,62,23,0,29,6,4,0,0,-23,-10,-53,-17,-72,-79,-58,-45,-47,-44,-55,-52,-68,-58,-64,0,-22,0,0,0,0,0,0,0,0,0,0,0,-7,0]} 1. c4 Nf6 2. Nc3 g6 3. g3 Bg7 4. Bg2 O-O 5. d4 {[%cal Bd2d4,Bd4d5][%mdl 32]} d6 6. Nf3 Nc6 7. O-O e5 8. d5 Nb8 9. e4 a5 {E62: King's Indian: Fianchetto: 6...c6 and Panno Variation (6...Nc6) without ...a6} 10. Ne1 Na6 11. Nd3 (11. f4 exf4 12. gxf4 Re8 13. Nd3 Ng4 14. h3 Bd4+ 15. Kh1 {½-½ (25) Inarkiev,E (2727)-Sutovsky,E (2650) Poikovsky 2017}) 11... Nd7 12. Be3 Ndc5 13. Nxc5 Nxc5 14. Qd2 {LiveBook: 6 Games} f5 15. exf5 (15. Bxc5 $5 dxc5 16. exf5 $14) 15... gxf5 16. f4 e4 17. Bd4 {[#]} Bd7 $146 18. g4 (18. Bxg7 {with more complications.} Kxg7 19. Rae1 h5 20. Re3 Qf6 21. h4) 18... fxg4 19. Nxe4 (19. Bxg7 $11 Kxg7 20. Nxe4) 19... Nxe4 $17 20. Bxe4 Qh4 21. Bxg7 Kxg7 22. Rae1 Qf6 23. f5 Rae8 24. Rf4 Kh8 (24... h5 $15) 25. Kh1 {The position is equal.} b6 (25... Rg8 {is more complex.} 26. Rg1 h5 27. Qf2 a4 28. a3 Ref8) 26. Rxg4 Bxf5 27. Bxf5 Rxe1+ 28. Qxe1 {[#] Hoping for Rf4.} Qxf5 $11 {KQR-KQR} 29. Qe7 {[%csl Gg4][%cal Re7g7]} Qf1+ 30. Rg1 {[%csl Gg1][%cal Re7g7]} Qf3+ 31. Rg2 {[%csl Gg2][%cal Re7g7]} Qf1+ {Precision: White = 26%, Black = 35%.} (31... Rg8 $5 32. Qe2 $8 Qf5 33. Rxg8+ Kxg8 $11) 1/2-1/2

[Event "Fall Chess Classic 2017-A"]
[Site "Saint Louis"]
[Date "2017.09.07"]
[Round "2"]
[White "Li, Ruifeng"]
[Black "Swiercz, Dariusz"]
[Result "1/2-1/2"]
[WhiteElo "2548"]
[BlackElo "2638"]
[Annotator "TA"]
[PlyCount "60"]
[EventDate "2017.??.??"]
[EventType "tourn"]
[EventCountry "USA"]
[SourceTitle "playchess.com"]
[Source "ChessBase"]
[SourceQuality "1"]

{[%evp 16,60,-29,-33,-31,-34,-32,-28,-23,-31,-10,-10,-10,-7,0,-10,-10,-10,0,-17,-10,-10,-10,-10,-10,-10,-10,-10,-10,-10,-14,-18,0,-18,-15,-18,-5,-10,-11,-11,-18,-21,-18,-23,-14,-28,0]} 1. e4 e5 2. Nf3 Nc6 3. Bb5 Nf6 4. d3 Bc5 5. c3 O-O 6. O-O d6 7. Be3 {C65: Ruy Lopez: Berlin Defence (3...Nf6), unusual lines and 4 0-0 Bc5} (7. Bg5 h6 8. Bh4 g5 9. Bg3 a6 10. Bxc6 bxc6 11. d4 Ba7 12. Nbd2 exd4 13. Nxd4 Bg4 14. Qc2 Qd7 15. f3 {1-0 (33) Navara,D (2737)-Le,Q (2739) Saint Louis 2017}) 7... Bxe3 8. fxe3 Ne7 9. Nbd2 {LiveBook: 7 Games} c6 10. Ba4 Ng6 11. Bb3 d5 12. Qc2 $146 ({Predecessor:} 12. exd5 cxd5 13. Qe1 a5 14. d4 e4 {0-1 (64) Goetz,R (2275)-Gruen,G (2375) Germany 1989}) 12... dxe4 (12... b6 {is more complex.} 13. Rfe1 Ba6 14. d4 Re8 15. Rad1 Qc8) 13. Nxe4 Nxe4 14. dxe4 Qe7 15. Rad1 Be6 16. Bxe6 Qxe6 17. Qb3 Qxb3 18. axb3 Rfd8 19. Kf2 f6 20. Ke2 Nf8 21. Rxd8 Rxd8 $11 {[%mdl 4096] Endgame KRN-KRN} 22. b4 Ne6 23. Nd2 Kf7 24. Ra1 a6 25. Nb3 Ke7 26. Nc5 Nxc5 27. bxc5 h5 28. b4 Rh8 29. c4 Kd7 30. Rd1+ Kc7 {Precision: White = 74%, Black = 66%.} 1/2-1/2